00248nam a22000977a 4500082002000000100001800020245004800038260004500086300001100131650000800142 a347.549101bAKH aAkhtar, Ifraz aManual of Civil Courts Laws /cIfraz Akhtar aLahore :bCapital Law Publishers,c2021. a304 p. aLaw